| 000 | 00408nam a2200145 a 4500 | ||
|---|---|---|---|
| 005 | 20140412111306.0 | ||
| 008 | 030415s19uu xx 00 eng d | ||
| 020 | _a0-945613-20-2 | ||
| 050 |
_aER _bMu97 1991 |
||
| 245 |
_aMusic and my favorite things : _bcompanion songbook. |
||
| 260 |
_aU. S. A : _bMusic Resources International, _c1991. |
||
| 300 | _a24 p. ; ill. | ||
| 650 | _aSongbook | ||
| 999 |
_c103693 _d103693 |
||